[Event "Recife Arraes Memorial 9th"]
[Site "Recife"]
[Date "2016.10.22"]
[Round "3.8"]
[White "De Santana, Joel Mendes"]
[Black "Cardoso Silva, Luan Flavio"]
[Result "0-1"]
[WhiteElo "2045"]
[BlackElo "1589"]
[PlyCount "98"]
[EventDate "2016.10.21"]
[EventType "swiss"]
[EventRounds "6"]
[EventCountry "BRA"]
[SourceTitle "EXT 2022"]
[Source "ChessBase"]
[SourceDate "2021.10.06"]
[SourceVersion "1"]
[SourceVersionDate "2021.10.06"]
[SourceQuality "1"]

1. d4 d5 2. c4 dxc4 3. Nf3 Nf6 4. e3 Bg4 5. Bxc4 e6 6. Nc3 Be7 7. Qa4+ Nbd7 8. Ne5 Bf5 9. f3 a6 10. Nxd7 Nxd7 11. Qb3 b5 12. Be2 Bh4+ 13. g3 Be7 14. e4 Bg6 15. Be3 c5 16. d5 c4 17. Qc2 Nc5 18. Rd1 Qc7 19. Kf2 0-0 20. h4 f6 21. h5 Bf7 22. Bf4 Qb6 23. Kg2 e5 24. Be3 Qd6 25. Rd2 Rfc8 26. Nd1 a5 27. Bf2 Be8 28. Be3 Na6 29. f4 Qc7 30. Bg4 Bd7 31. Bxd7 Qxd7 32. fxe5 fxe5 33. a3 Rf8 34. Rf2 Nc5 35. Bxc5 Bxc5 36. Rxf8+ Rxf8 37. Qe2 Qf7 38. Rf1 Qxf1+ 39. Qxf1 Rxf1 40. Kxf1 Kf7 41. Ke2 Kf6 42. Kf3 b4 43. axb4 Bxb4 44. g4 a4 45. Ne3 c3 46. bxc3 Bxc3 47. Nc4 Bb4 48. Kg3 a3 49. Nxa3 Bxa3 0-1

[Event "Cidade de Paulista 1st"]
[Site "Piedade"]
[Date "2013.12.11"]
[Round "7"]
[White "Araujo, Sergio Murilo"]
[Black "De Santana, Joel Mendes"]
[Result "1/2-1/2"]
[WhiteElo "2109"]
[BlackElo "2037"]
[PlyCount "62"]
[EventDate "2013.12.07"]
[EventType "tourn"]
[EventRounds "7"]
[EventCountry "BRA"]
[SourceTitle "EXT 2018"]
[Source "ChessBase"]
[SourceDate "2017.10.13"]
[SourceVersion "1"]
[SourceVersionDate "2017.10.13"]
[SourceQuality "1"]

1. c4 Nf6 2. Nc3 g6 3. d4 Bg7 4. e4 d6 5. f4 0-0 6. Nf3 Na6 7. Be2 e5 8. fxe5 dxe5 9. dxe5 Qxd1+ 10. Bxd1 Ng4 11. Bf4 Re8 12. 0-0 Nxe5 13. Nxe5 Bxe5 14. Bxe5 Rxe5 15. Bf3 Be6 16. b3 c6 17. Rad1 Re8 18. Rd2 Nc5 19. Rfd1 f5 20. Rd4 fxe4 21. Bxe4 Bg4 22. Bxg6 Bxd1 23. Bxe8 Bc2 24. Rd8 Kg7 25. Kf2 Kf6 26. g4 Nd3+ 27. Kf3 Ne1+ 28. Kf2 Nd3+ 29. Kf3 Ne1+ 30. Kf2 Nd3+ 31. Kf3 Ne1+ 1/2-1/2

[Event "Recife Arraes Memorial 6th"]
[Site "Recife"]
[Date "2013.06.09"]
[Round "6"]
[White "De Santana, Joel Mendes"]
[Black "Passos Coutinho, Eduardo"]
[Result "1-0"]
[WhiteElo "2009"]
[BlackElo "1826"]
[PlyCount "99"]
[EventDate "2013.06.06"]
[EventType "swiss"]
[EventRounds "7"]
[EventCountry "BRA"]
[SourceTitle "EXT 2014"]
[Source "ChessBase"]
[SourceDate "2013.11.20"]
[SourceVersion "1"]
[SourceVersionDate "2013.11.20"]
[SourceQuality "1"]

1. d4 Nf6 2. c4 e6 3. Nc3 Bb4 4. e3 0-0 5. Bd3 b6 6. Nge2 Bb7 7. 0-0 d5 8. cxd5 Nxd5 9. Ne4 Nd7 10. N4g3 Be7 11. a3 c5 12. Qc2 N5f6 13. Rd1 cxd4 14. Nxd4 Qc8 15. Qe2 Ne5 16. Bb5 a6 17. f4 Ng6 18. Bd3 Rd8 19. Bd2 Bc5 20. Bc3 Qb8 21. Bxg6 hxg6 22. b4 Bxd4 23. Bxd4 b5 24. Rac1 Bd5 25. Qb2 Ne8 26. Rd2 Qb7 27. Rcd1 Rac8 28. Bc5 Qc7 29. Ne2 Nf6 30. Ng3 Bc6 31. Bd4 Ne8 32. Be5 Qe7 33. Ne2 f6 34. Bd4 Qc7 35. Bc5 Rxd2 36. Qxd2 Bd5 37. Nc3 Bb3 38. Rc1 Rd8 39. Qb2 Bc4 40. a4 Rd3 41. a5 Qd7 42. Bd4 Nc7 43. Ne4 Rb3 44. Qc2 Qe7 45. Nc5 Rxb4 46. Qd2 Nd5 47. e4 Nxf4 48. Qxf4 e5 49. Qd2 exd4 50. Qxb4 1-0

[Event "Recife Arraes Memorial 6th"]
[Site "Recife"]
[Date "2013.06.09"]
[Round "7"]
[White "Pinto, Carlos Henrique Lop"]
[Black "De Santana, Joel Mendes"]
[Result "0-1"]
[WhiteElo "2104"]
[BlackElo "2009"]
[PlyCount "84"]
[EventDate "2013.06.06"]
[EventType "swiss"]
[EventRounds "7"]
[EventCountry "BRA"]
[SourceTitle "EXT 2014"]
[Source "ChessBase"]
[SourceDate "2013.11.20"]
[SourceVersion "1"]
[SourceVersionDate "2013.11.20"]
[SourceQuality "1"]

1. d4 d6 2. c4 g6 3. Nc3 Bg7 4. e4 Nf6 5. f4 0-0 6. Bd3 Na6 7. Nf3 c5 8. d5 Rb8 9. 0-0 Nb4 10. Bb1 Bg4 11. Qe1 Bd7 12. e5 Ne8 13. a3 Na6 14. Qh4 e6 15. Qg3 exd5 16. cxd5 b5 17. f5 dxe5 18. Ng5 Qe7 19. fxg6 fxg6 20. Rxf8+ Bxf8 21. Be3 Nd6 22. Bc2 Nf5 23. Bxf5 Bxf5 24. Rf1 Bg7 25. Nge4 b4 26. axb4 cxb4 27. Rxf5 gxf5 28. Bg5 Qf8 29. Nf6+ Bxf6 30. Bxf6+ Kf7 31. Qxe5 Qe8 32. Na4 Qxe5 33. Bxe5 Rb5 34. Bd4 Ra5 35. b3 Rxd5 36. Bxa7 Rd3 37. Kf2 Rxb3 38. Nb6 Rb2+ 39. Kf3 Rc2 40. Na4 Ra2 41. Nb6 b3 42. Nd5 b2 0-1

[Event "Recife Arraes Memorial 6th"]
[Site "Recife"]
[Date "2013.06.07"]
[Round "2"]
[White "De Santana, Joel Mendes"]
[Black "Santiago, Yago de Moura"]
[Result "0-1"]
[WhiteElo "2009"]
[BlackElo "2411"]
[PlyCount "56"]
[EventDate "2013.06.06"]
[EventType "swiss"]
[EventRounds "7"]
[EventCountry "BRA"]
[SourceTitle "EXT 2014"]
[Source "ChessBase"]
[SourceDate "2013.11.20"]
[SourceVersion "1"]
[SourceVersionDate "2013.11.20"]
[SourceQuality "1"]

1. d4 d5 2. c4 Nc6 3. cxd5 Qxd5 4. e3 e5 5. Nc3 Bb4 6. a3 Bxc3+ 7. bxc3 Nf6 8. c4 Qd6 9. d5 Ne7 10. f3 0-0 11. Bd3 Nd7 12. Ne2 f5 13. 0-0 c5 14. Nc3 a6 15. a4 Nf6 16. Rb1 b6 17. e4 f4 18. Rf2 Bd7 19. Rfb2 Nc8 20. Qe1 g5 21. Be2 a5 22. Nb5 Bxb5 23. Rxb5 Ra7 24. Qf2 Rg7 25. Kf1 h5 26. Ke1 g4 27. Kd1 Nd7 28. Kc2 Qg6 0-1

[Event "Recife Arraes Memorial 6th"]
[Site "Recife"]
[Date "2013.06.06"]
[Round "1"]
[White "De Macedo, Luiz Soares"]
[Black "De Santana, Joel Mendes"]
[Result "0-1"]
[WhiteElo "1691"]
[BlackElo "2009"]
[PlyCount "48"]
[EventDate "2013.06.06"]
[EventType "swiss"]
[EventRounds "7"]
[EventCountry "BRA"]
[SourceTitle "EXT 2014"]
[Source "ChessBase"]
[SourceDate "2013.11.20"]
[SourceVersion "1"]
[SourceVersionDate "2013.11.20"]
[SourceQuality "1"]

1. e4 d6 2. Nc3 Nf6 3. d3 g6 4. Nf3 Bg7 5. Be3 Bg4 6. Bg5 c6 7. Rb1 Qb6 8. d4 e5 9. Na4 Qa5+ 10. Nc3 exd4 11. b4 Qc7 12. Na4 c5 13. Bc4 Nc6 14. Bf4 Nxb4 15. a3 Nc6 16. Nxc5 Qa5+ 17. Bd2 Qxc5 18. Bd5 d3 19. 0-0 dxc2 20. Bb4 cxd1Q 21. Bxc5 Qxf1+ 22. Rxf1 dxc5 23. Nd2 Be6 24. Nb3 Bxd5 0-1